Welcome to CU Library Online Public Access Catalogue (OPAC)

Personal finance for dummies / (Record no. 8632)

MARC details
000 -LEADER
fixed length control field 00997cam a22002654a 4500
001 - CONTROL NUMBER
control field 11835863
005 - DATE AND TIME OF LATEST TRANSACTION
control field 20260122195902.0
008 - FIXED-LENGTH DATA ELEMENTS--GENERAL INFORMATION
fixed length control field 991104s2000 caua 001 0 eng
020 ## - INTERNATIONAL STANDARD BOOK NUMBER
International Standard Book Number 0764552317
Qualifying information pbk. : alk. paper
020 ## - INTERNATIONAL STANDARD BOOK NUMBER
International Standard Book Number 9780764552311
Qualifying information (pbk. : alk. paper)
050 00 - LIBRARY OF CONGRESS CALL NUMBER
Classification number HG179.
Item number T97 2000
082 00 - DEWEY DECIMAL CLASSIFICATION NUMBER
Classification number 332.024
Edition information 21
100 1# - MAIN ENTRY--PERSONAL NAME
Personal name Tyson, Eric
Fuller form of name (Eric Kevin)
245 10 - TITLE STATEMENT
Title Personal finance for dummies /
Statement of responsibility, etc. by Eric Tyson.
250 ## - EDITION STATEMENT
Edition statement 3rd ed.
260 ## - PUBLICATION, DISTRIBUTION, ETC.
Place of publication, distribution, etc. Foster City, CA :
Name of publisher, distributor, etc. IDG Books Worldwide,
Date of publication, distribution, etc. c2000.
300 ## - PHYSICAL DESCRIPTION
Extent xxx, 470 p. :
Other physical details ill. ;
Dimensions 24 cm.
440 #0 - SERIES STATEMENT/ADDED ENTRY--TITLE
Title --For dummies
500 ## - GENERAL NOTE
General note Includes index.
650 #0 - SUBJECT ADDED ENTRY--TOPICAL TERM
Topical term or geographic name entry element Finance, Personal.
856 41 - ELECTRONIC LOCATION AND ACCESS
Materials specified Table of contents only
Uniform Resource Identifier <a href="http://www.loc.gov/catdir/toc/wiley022/99068615.html">http://www.loc.gov/catdir/toc/wiley022/99068615.html</a>
856 42 - ELECTRONIC LOCATION AND ACCESS
Materials specified Contributor biographical information
Uniform Resource Identifier <a href="http://www.loc.gov/catdir/enhancements/fy0607/99068615-b.html">http://www.loc.gov/catdir/enhancements/fy0607/99068615-b.html</a>
856 42 - ELECTRONIC LOCATION AND ACCESS
Materials specified Publisher description
Uniform Resource Identifier <a href="http://www.loc.gov/catdir/enhancements/fy0607/99068615-d.html">http://www.loc.gov/catdir/enhancements/fy0607/99068615-d.html</a>
942 ## - ADDED ENTRY ELEMENTS (KOHA)
Source of classification or shelving scheme Library of Congress Classification
Koha item type Books
Edition 3rd Ed.
Suppress in OPAC No
999 ## -
-- 8632
-- 8632
Holdings
Withdrawn status Lost status Source of classification or shelving scheme Damaged status Not for loan Collection Home library Current library Shelving location Date acquired Total checkouts Full call number Barcode Date last seen Copy number Price effective from Koha item type
    Library of Congress Classification     Non-fiction Business Library (Miotso) Business Library (Miotso) General stacks 01/22/2026   HG179. T97 2000 BSSM00002341 01/22/2026 1 01/22/2026 Books
© 2023-2024 Copyright: Central University Libraries. All Rights Reserved | Created by: Mahone Tech Office